Ekonomické postavenie národnostných menšín (maďarská národnostná menšina)

Analýza a zhodnotenie ekonomického postavenia národnostnej menšiny vo vybraných okresoch regiónu Nové Zámky s aplikáciou na maďarskú národnostnú menšinu. Sledované výskumné oblasti: vzdelanie, spokojnosť so zamestnaním, rodinný stav, počet osôb v domácnosti, sporenie, investície za posledných 10 rok...

Descrizione completa

Salvato in:
Dettagli Bibliografici
Autore principale: Strážovská, Helena
Natura: Capitolo di libro
Lingua:slovacco
Soggetti:
Tags: Aggiungi Tag
Nessun Tag, puoi essere il primo ad aggiungerne!!

MARC

LEADER 00000naa a2200000 4500
001 0194105
005 20240502073241.2
041 0 |a slo 
044 |a SK 
245 1 0 |a Ekonomické postavenie národnostných menšín (maďarská národnostná menšina)  |c Helena Strážovská 
520 |a Analýza a zhodnotenie ekonomického postavenia národnostnej menšiny vo vybraných okresoch regiónu Nové Zámky s aplikáciou na maďarskú národnostnú menšinu. Sledované výskumné oblasti: vzdelanie, spokojnosť so zamestnaním, rodinný stav, počet osôb v domácnosti, sporenie, investície za posledných 10 rokov, dovolenka a ďalšie. 
610 2 0 |a národnosti 
610 2 0 |a menšiny národnostné 
610 2 0 |a úroveň životná 
610 2 0 |a vzdelanie 
610 2 0 |a zamestnanie 
610 2 0 |a sporenie obyvateľstva 
610 2 0 |a príjmy 
610 2 0 |a výskum 
610 2 0 |a Slovensko 
100 1 |a Strážovská, Helena